Christianity through the centuries: (Record no. 2701)

000 -LEADER
fixed length control field 00593nam a2200193 a 4500
001 - CONTROL NUMBER
control field :::00000426$&:&@@
003 - CONTROL NUMBER IDENTIFIER
control field OkBaRHE
005 - DATE AND TIME OF LATEST TRANSACTION
control field 20120217160805.0
008 - FIXED-LENGTH DATA ELEMENTS--GENERAL INFORMATION
fixed length control field s1967 000 0 eng u
040 ## - CATALOGING SOURCE
Transcribing agency
050 ## - LIBRARY OF CONGRESS CALL NUMBER
Classification number BR 145.2
Item number .C28 1967
100 1# - MAIN ENTRY--PERSONAL NAME
Personal name Cairns, Earle E.
9 (RLIN) 2082
Dates associated with a name 1910-2008
Fuller form of name Earle Edwin.
245 10 - TITLE STATEMENT
Title Christianity through the centuries:
Remainder of title a history of the Christian church.
250 ## - EDITION STATEMENT
Edition statement Rev. ed.
260 ## - PUBLICATION, DISTRIBUTION, ETC. (IMPRINT)
Place of publication, distribution, etc Grand Rapids, MI., :
Name of publisher, distributor, etc Zondervan Publishing House
Date of publication, distribution, etc 1967
300 ## - PHYSICAL DESCRIPTION
Extent 511 p. : illus. ;
Dimensions 24 cm.
650 ## - SUBJECT ADDED ENTRY--TOPICAL TERM
Topical term or geographic name as entry element Church history.
9 (RLIN) 133
942 ## - ADDED ENTRY ELEMENTS (KOHA)
Source of classification or shelving scheme
Koha item type Books
Copies
Lost status Shelving location Source of classification or shelving scheme Barcode Damaged status Copy number Full call number Koha item type Price effective from Date acquired Withdrawn status Date last seen Current Location Not for loan Permanent Location
 General Stacks 15566 1BR 145.2 .C28 1967Books2010-04-142010-04-14 2018-01-10RHEMA Bible Training College RHEMA Bible Training College
   426 2BR 145.2 .C28 1973Books2010-04-142010-04-14 2010-04-14RHEMA Bible Training College RHEMA Bible Training College